Same Name Trios II Quiz Stats

 Plays Quiz Updated May 4, 2016

Also try: Same Name Trios
Challenge
Share
Tweet
Embed
Score 0/30 Timer 04:00
1 Play Today
% Correct
George
96.6%
Kim
96.5%
Albert
95.9%
Louis
95.7%
John
95.6%
Colin
94.6%
Helen
94.4%
Clark
93.6%
Margaret
92.7%
Bruce
92.3%
Anderson
91.8%
Thomas
91.7%
Jacques
91%
Newton
87.5%
Ray
87.4%
% Correct
Warren
85.7%
Davis
85.2%
Green
84.8%
Arthur
84.4%
West
83%
Bell
81.6%
Murphy
81.1%
Vincent
80.9%
Jonas
77%
Marshall
76.6%
Lloyd
72.6%
Jefferson
71%
Lynn
68.2%
Kennedy
59.7%
Adolph
57.2%

You're not logged in!

Compare scores with friends on all Sporcle quizzes.
Join for Free
OR
Log In

You Might Also Like...

Show Comments

Extras

Top Quizzes Today


Score Distribution

Your Account Isn't Verified!

In order to create a playlist on Sporcle, you need to verify the email address you used during registration. Go to your Sporcle Settings to finish the process.

Report this User

Report this user for behavior that violates our Community Guidelines.

Details: